Представление документа в формате MARC21

ПолеНазваниеЗначение
  Тип записи a
  Библиографический уровень m
001 Контрольный номер RU\infra-m\znanium\bibl\2215748
005 Дата корректировки 20260429142123.8
008 Кодируемые данные 260217s2025 RU g rus u
020 Индекс ISBN __
a ISBN 978-5-16-019959-7
020 Индекс ISBN __
a ISBN 978-5-16-112490-1 (электр. издание)
040 Источник каталогиз. __
a Служба первич. каталог. Общество с ограниченной ответственностью «ЗНАНИУМ»
041 Код языка издания __
a Код языка текста rus
044 Код страны публикации __
a Код страны публикации RU
080 Индекс УДК __
a Индекс УДК 623.421.3(075.8)
084 Индекс другой классификации/Индекс ББК __
2 Источник индекса rubbk
a Индекс другой классификации/Индекс ББК 68.514.1я73
084 Индекс другой классификации/Индекс ББК __
2 Источник индекса okso
a Индекс другой классификации/Индекс ББК 56.04.02
084 Индекс другой классификации/Индекс ББК __
2 Источник индекса okso
a Индекс другой классификации/Индекс ББК 56.04.03
084 Индекс другой классификации/Индекс ББК __
2 Источник индекса okso
a Индекс другой классификации/Индекс ББК 56.04.04
084 Индекс другой классификации/Индекс ББК __
2 Источник индекса okso
a Индекс другой классификации/Индекс ББК 56.07.01
100 Автор __
a Автор Мельничук В.А.
q Полное имя Мельничук Виктор Алексеевич
u Дополнение Санкт-Петербургский университет Министерства внутренних дел России
245 Заглавие __
a Заглавие Работа номеров расчета Д-30 при подготовке материальной части гаубицы и боеприпасов к боевому применению
b Продолж. заглавия Учебное пособие
c Ответственность Санкт-Петербургский университет Министерства внутренних дел России
250 Сведения об издании __
a Основные сведения об издании 1
260 Выходные данные __
a Место издания Москва
b Издательство ООО "Научно-издательский центр ИНФРА-М"
c Дата издания 2026
300 Физическое описание __
a Объем 140 с.
440 Серия __
a Серия Военное образование
520 Аннотация __
a Аннотация В учебном пособии изложены методические рекомендации по работе номеров расчета Д-30 при подготовке материальной части гаубицы и боеприпасов к боевому применению. Материал представлен в объеме необходимом для ознакомления с устройством материальной части правилами эксплуатации проведения технического обслуживания и устранения неисправностей гаубицы силами расчета и специалистами ремонтных органов. Изложенная методика не исчерпывает всего многообразия форм и способов организации и проведения занятия. Следует применять творчески учитывая конкретные условия и обстановку. Предназначено для курсантов военных институтов преподавателей огневой подготовки командиров артиллерийских подразделений и специалистов ремонтных органов.
521 Примеч. о цел. назн. __
a Примеч. о целев. назн. Профессиональное образование
650 Тематические рубрики __
a Основная рубрика Военное дело. Оружие. Спецслужбы
x Основная подрубрика Артиллерия. Минометы
655 Указ. предметных рубрик (устаревшее) __
a Жанр/ форма (устаревшее) Учебное пособие
856 Электронный адрес документа 4_
a Имя сервера/домена znanium.ru
m Помощь ebs_support@infra-m.ru
n Местонахождение сервера НИЦ ИНФРА-М
u URL https://znanium.ru/catalog/document?id=466337
856 Электронный адрес документа 48
a Имя сервера/домена znanium.ru
d Путь /cover/2215
f Электронное имя 2215748.jpg
q Тип электронного формата image/jpeg
u URL https://znanium.ru/cover/2215/2215748.jpg
911 __
u 0030=https://znanium.ru/catalog/document?id=466337